Statistics for American Horror Story: Coven Characters

Click here to take the quiz!

General Stats

  • This quiz has been taken 165 times
  • The average score is 13 of 18

Answer Stats

DescriptionCharacter% Correct
Young Hollywood star and student at Miss Robichaux's AcademyMadison Montgomery
97%
Witch with the power to bring souls back from the dead brought to Miss Robichaux's Academy after surviving being burned aliveMisty Day
93%
Shy, young girl who discovers that she is a witch and is whisked off to Miss Robichaux's AcademyZoe Benson
93%
Headmistress of Miss Robichaux's Academy and daughter of the current SupremeCordelia Foxx
90%
Supreme witch of her generation and mother of #1Fiona Goode
90%
Human voodoo-doll from Detroit enrolled at Miss Robichaux's AcademyQueenie
90%
Friendly college student and fraternity leader that is brought back to life by the witches after a bus "accident"Kyle Spencer
88%
Eccentric but dedicated head of the Witches' CouncilMyrtle Snow
85%
Enigmatic young witch at Miss Robichaux's Academy with the power of clairvoyanceNan
85%
The Immortal Queen of VoodooMarie Laveau
84%
New Orleans socialite from the 1830's that tortured and murdered her slaves, given eternal life and buried alive, but rediscovered in 2013 by the witchesDelphine LaLaurie
75%
Axe-wielding serial killer that terrorized New Orleans in the 1910'sThe Axeman
73%
Mute butler of Miss Robichaux's AcademySpalding
69%
Voodoo Gatekeeper of the Spirit World that balances the scales of life and deathPapa Legba
64%
Handsome son of ^ that moves in next door to Miss Robichaux's AcademyLuke Ramsey
52%
Supposedly #1's supporting husband, but in reality a witch-hunter hired by #10Hank Foxx
48%
Tortured slave of #8 that had the head of a bull put onto his body, kept alive by #10 in the present dayThe Minotaur
41%
Fundamentalist Christian that moves in next door to Miss Robichaux's AcademyJoan Ramsey
32%

Score Distribution

Percentile by Number Answered

Percent of People with Each Score

Your Score History

You have not taken this quiz